Defaulting tenants (Record no. 81219)

MARC details
000 -LEADER
fixed length control field 01099cab a22002055a 4500
001 - CONTROL NUMBER
control field L146643
008 - FIXED-LENGTH DATA ELEMENTS--GENERAL INFORMATION
fixed length control field 090210s2009 xxk f g 000 0 eng d
035 ## - SYSTEM CONTROL NUMBER
System control number (Sirsi) u146643
041 0# - LANGUAGE CODE
Language code of text/sound track or separate title eng
100 1# - MAIN ENTRY--PERSONAL NAME
Personal name Kataora, Manjit
245 00 - TITLE STATEMENT
Title Defaulting tenants
Remainder of title recovering unpaid money
260 ## - PUBLICATION, DISTRIBUTION, ETC.
Date of publication, distribution, etc. 2009
490 ## - SERIES STATEMENT
Series statement Letting Update Journal
Volume/sequential designation (4) 16 January 2009, 22-23(2)
520 ## - SUMMARY, ETC.
Summary, etc. Article looks at the options available to landlords in the event of tenant default. Suggests that landlord insurance may be a reasonable investment, as the costs for bringing a legal case for even small defaults can quickly add up. Also discusses attachment of earnings orders, bankruptcy and charging orders. Closes by suggesting that a pro-active approach of coaxing monies from a tenant in default may prove more effective than aggressive negotiations, no matter how tempting they may seem upon first inspection.
590 ## - LOCAL NOTE (RLIN)
Local note KA
650 24 - SUBJECT ADDED ENTRY--TOPICAL TERM
Topical term or geographic name entry element ATTACHMENT OF EARNINGS ACT 1971
651 #4 - SUBJECT ADDED ENTRY--GEOGRAPHIC NAME
Geographic name England and Wales
Chronological subdivision 1543-
690 ## - LOCAL SUBJECT ADDED ENTRY--TOPICAL TERM (OCLC, RLIN)
Topical term or geographic name as entry element PROPERTY-RESIDENTIAL PROPERTY-RESIDENTIAL LANDLORD AND TENANT
942 ## - ADDED ENTRY ELEMENTS (KOHA)
Suppress in OPAC 0
Holdings
Withdrawn status Lost status Source of classification or shelving scheme Damaged status Not for loan Home library Current library Shelving location Date acquired Total Checkouts Full call number Barcode Date last seen Copy number Price effective from Koha item type
    Dewey Decimal Classification     London London Journal article 10/02/2009   L146643 146643-1001 06/08/2019 1 06/08/2019 Journal article